00603nam a2200193Ia 450000500170000000800410001702000180005808200180007624500730009426000490016730000160021665000130023265000110024565000140025670000210027094200060029195200970029799900150039420240718062327.0240331s9999 xx 000 0 und d a9789551772024 bRELa204.3657 0aReligion in context Buddhism and socio-political change in Sri Lanka aColombobSocial Scientists Associationc2007 ax, 186 p ., aReligion asocial aPolitical aUyangoda J.eedt cL 001040708LaWERCLbWERCLcSSCd2024-03-31l0o 204.3 RELp6047r2024-03-31w2024-03-31yL c4496d4496